Quizzes
Events
Quiz Creation
Community
Videos
Private Events
Remove Ads
Sign In
Join for FREE
Feedback
Dark Mode
Quiz Categories
Sports
Geography
Music
Movies
Television
Just For Fun
Miscellaneous
History
Literature
Language
Science
Gaming
Entertainment
Religion
Holiday
For Kids
Quiz Lab
Recent
Popular Today
Quiz Kudos Today
Editor Picks
Curator Picks
Quizzes by...
Day
Popularity
Type
Ratings
Length
Year
Community
Subscriptions
Recent Discussions
Orange Saloon
Badges
Playlists
Quests
Create
Leaderboards
Showdown
Live 5
Trivia Bingo
Activity
Puzzle Library
Sporcle Events
Private Events
Virtual Trivia
Globe League
Become a Host
Pub Owners
SporcleCon
Opinionation
Our Games
Videos
Blog
Mobile Apps
Partnerships
Remove Ads and Go Orange
Feedback
Music
Pop Music
The Beatles
Song
Album
Lyrics
Bands
Singers
Artist
Clip
Rock
Rap
Classical
Billboard
Country Music
Kpop
Taylor Swift
Music
Pop Music
The Beatles
Song
Album
Lyrics
Bands
Singers
Artist
Clip
Rock
Rap
Classical
Billboard
Country Music
Kpop
Taylor Swift
Random Quiz
Search Sporcle
×
Quiz Lab
Quiz Lab
Music
Rap
Type in answers that appear in a list
Type in answers that appear in a list
Classic
Best Score? Go Orange.
Songs By Clip, Yo Stats
Can you name the Songs By Clip, Yo?
By
BradleyP
7m
28 Questions
71 Plays
71 Plays
71 Plays
Comments
Comments
Give Quiz Kudos
Give Quiz Kudos
-
- Ratings
hide this ad
More Info
Replay
Link that replays current quiz
Next Quiz
Link to next quiz in quiz playlist
You Got
0%
They Got
Avg Score
60%
Avg Friend Score
Upgrade to see
Score Distribution
Jump to the score distribution portion of the page
Score
0/28
Timer
07:00
0
Plays Today
Time
Song Title
% Correct
1:46-
1:56
Wonderwall
85.9%
1:14-
1:26
More Than A Feeling
84.5%
3:16-
3:28
Clocks
83.1%
3:28-
3:40
Are You Gonna Be My Girl?
81.7%
11-
21
Come Together
80.3%
4:03-
4:13
Song 2
80.3%
4:23-
4:33
Mrs. Robinson
77.5%
51-
1:01
Feel Good Inc.
76.1%
4:13-
4:23
Float On
74.6%
4:33-
4:44
Blitzkrieg Bop
74.6%
2:05-
2:16
Money
71.8%
41-
51
Like A Rolling Stone
70.4%
4:54-
5:04
Light My Fire
69%
0-
10
Intergalactic
66.2%
Time
Song Title
% Correct
1:02-
1:14
Last Nite
64.8%
3:53-
4:03
Sunshine Of Your Love
64.8%
2:27-
2:38
Gimme Shelter
63.4%
1:26-
1:36
Black Dog
60.6%
1:56-
2:05
Blister In The Sun
53.5%
31-
41
Time To Pretend
52.1%
2:50-
3:03
I Can See For Miles
52.1%
1:36-
1:46
Where Is My Mind?
35.2%
2:38-
2:50
Rebellion (Lies)
35.2%
21-
31
E-Pro
33.8%
3:03-
3:16
I Bet You Look Good On The Dancefloor
31%
3:40-
3:53
High and Dry
26.8%
4:44-
4:54
Tighten Up
26.8%
2:16-
2:27
Cut Your Hair
15.5%
Quiz Playlist
Details
Report
Send in Message
Add To Playlist
More Info:
Name the song by the 10 or so second clip.
Classic:
Type in answers that appear in a list
Last Updated: Feb 16, 2017
Quiz Scoreboard
CHALLENGE
Sign Up to Join the Scoreboard
Show All
Scores
Hide
Comments
May contain spoilers
Recently Published
1-10 Letter E Words III
by El_Dandy
Language
2m
One Thing in Common: World Cities II
by knightlancer
Geography
7m
Popular People in 1961
by mucciniale
History
6m
More to Explore
Quiz From the Vault
Featured Blog Post
Where Did the Easter Bunny Come From?
hide this ad
You Might Also Like...
Tags
Clip Quiz
Rap Quiz
Rock Quiz
Song Quiz
Alternative
Alternative Music
Audio Quiz
Classic Rock
Today's Top Quizzes in Music
Browse Music
hide this ad
Today's Top Quizzes in Rap
Browse Rap
Top Contributed Quizzes in Music
1
Taylor Swift All Songs (2024)
2
2010s Album by Cover III
3
Taylor Swift Logic Puzzle
4
One Thing in Common: Music
5
Guess the Artist- 70s Songs
6
Guess the Taylor Swift song (Mystery Song)
7
2010s Album by Cover V
8
2010s Album by Cover IV
9
Lana Del Rey Discography (BTD to DYKTTATUOB)
10
KPOP LOGIC QUIZ
Explore More
Trending Topics
Marvel
Crossword
Anime
Harry Potter
Disney
NBA
Kpop
Soccer
Pokémon
Puzzle
Song
NFL
The Office
Country
WWE
hide this ad
More By:
BradleyP
Quiz
Plays
Rating
Category
Featured
Created
Song Title Varations or Opposite
164
3.50
Music
Jun 25, 2011
Movies by Directors
75
3.00
Movies
Jun 24, 2011
Songs By Clip, Yo
71
4.00
Music
Jun 25, 2011
Songs With Question Marks?
59
4.50
Music
Jun 24, 2011
Go to Creator's Profile
Score Distribution
Quiz Creator Spotlight
BradleyP
Follow
Send a Message
Quizzes Created
-
Created Quiz Play Count
-
More By This Creator
Popular Quizzes Today
1
Find the US States - No Outlines Minefield
2
The Countries of the World
3
Find the Countries of Europe - No Outlines Minefield
4
Popular People in 1961
5
1-10 Letter E Words III
6
Find the US States
7
One Thing in Common: World Cities II
8
US States
More Music Quizzes
Musicians Who Died in Their Fifties
Editor's Pick
Trending Quizzes
Risky Map Clicking: Least Populous States A-Z
1-10 Letter F Words
1-10 Letter G Words
One Thing in Common: United Kingdom
Risky Map Clicking: Next State Alphabetically
Recently Updated
Leaping Animals
pecheneg
Reality TV Shows (A-Z)
bhenderson79
Rickey Henderson's Hall of Fame Teammates
pecheneg
Champions League XIs: Arsenal
pecheneg
Quick Pick: Celebrities in WWE's Hall of Fame
aduchscher
A-Z Keypad Blitz II
pecheneg
Multiple Oscar Actors
pecheneg
Mystery Phrase Blitz: Oscar 'Best Actors'
pecheneg
F. Scott Fitzgerald Novels
LTH
Pick 3 Villains
ddd62291
Trending Topics
Marvel
Crossword
NBA
Disney
Anime
Harry Potter
Kpop
NFL
WWE
Soccer
Song
Puzzle
Country
Pokémon
The Office
Your Account Isn't Verified!
In order to create a playlist on Sporcle, you need to verify the email address you used during registration. Go to your
Sporcle Settings
to finish the process.
Report this User
Report this user for behavior that violates our
Community Guidelines
.
Details:
Send Report
Go to the Sporcle.com Mobile Site →
Comments